000 00445nam a2200157Ia 4500
008 240729s9999 xx 000 0 und d
022 _a2633-660X
245 0 _aJournal of Intelligent Manufacturing and Special Equipment
260 _aUnited Kingdom
260 _bEmerald Publishing
650 _a Manufactures
650 _aTechnology
856 _uhttps://doaj.org/toc/94a3c33226914517b8fb092d3900ca97
942 _2ddc
942 _cDOAJEJ
999 _c66100
_d66100
945 _a1
_bMadushi Gamage
_c1
_dMadushi Gamage